Skład Chelsea z finału Ligi Mistrzów w 2021 roku - Statystyki

Ogólne statystyki
  • Ten quiz został rozwiązany 181 razy
  • Średni wynik to 20 z 24
Statystyki odpowiedzi
Pozycja Zawodnik Narodowość Numer % Poprawnych
AM Kai Havertz Niemcy 29
99%
CB Antonio Rüdiger Niemcy 2
98%
GK Édouard Mendy Senegal 16
98%
CB Thiago Silva Brazylia 6
98%
RWB Reece James Anglia 24
97%
MF Christian Pulisic USA 10
96%
CM N'Golo Kanté Francja 7
96%
CF Timo Werner Niemcy 11
96%
GK Kepa Arrizabalaga Hiszpania 1
93%
Trener Thomas Tuchel Niemcy -
92%
CM Jorginho Włochy 5
91%
MF Mateo Kovačić Chorwacja 17
91%
CB César Azpilicueta Hiszpania 28
90%
LWB Ben Chilwell Anglia 21
88%
AM Mason Mount Anglia 19
87%
MF Hakim Ziyech Maroko 22
86%
DF Andreas Christensen Dania 4
82%
GK Willy Caballero Argentyna 13
73%
FW Olivier Giroud Francja 18
63%
DF Marcos Alonso Hiszpania 3
62%
DF Emerson Włochy 33
60%
MF Billy Gilmour Szkocja 23
52%
DF Kurt Zouma Francja 15
49%
MF Callum Hudson-Odoi Anglia 20
35%
Nie znaleziono quizów pasujących do podanych kryteriów
Rozkład punktacji
Procent ludzi z każdym wynikiem
Percentyl według liczby udzielonych odpowiedzi
Twoja historia wyników
Nie rozwiązałeś tego quizu